000 00686nam a22002297a 4500
001 83697
003 UA-OsUOA
005 20220622144725.0
007 ta
008 20120424b un ||||| |||| 00| 0 ukr d
020 _a20778309
040 _aUA-OsUOA
_bukr
_cUA-OsUOA
_dUA-OsUOA
041 _aukr
080 _a001.891(082)
090 _a001.891(082)
_bТ63
245 _aTotallogy-XXI. Постнекласичні дослідження
_cгол. ред. В.В. Кізіма
260 _aК.
_bЦГО НАН УКраїни
_c2011
300 _a294 с.
650 7 _a01 Бібліографія і бібліографії. Каталоги
_2UDC
942 _cBK
_2udc
955 _a1
999 _c370009
_d370009